Вып. 13; Вопросы теории и расчета рабочих процессов тепловых двигателей

Chi tiết về thư mục
Parent link:Вопросы теории и расчета рабочих процессов тепловых двигателей: межвузовский научный сборник/ Уфимский государственный авиационный технический университет; Под ред. В. Г. Шайхутдинова. Вып. 13.— , 1977-.— 5-230-17280-0
Ngôn ngữ:Tiếng Nga
Được phát hành: 1989
Những chủ đề:
Định dạng: Sách
KOHA link:https://koha.lib.tpu.ru/cgi-bin/koha/opac-detail.pl?biblionumber=73858

MARC

LEADER 00000nam2a2200000 4500
001 73858
005 20231031084810.0
035 |a (RuTPU)RU\TPU\book\78791 
035 |a RU\TPU\book\78790 
090 |a 73858 
100 |a 20050224d1989 k y0rusy50 ca 
101 0 |a rus 
102 |a RU 
105 |a a z 001zy 
200 0 |a Вып. 13 
210 |d 1989 
215 |a 134 с.  |c ил. 
320 |a Библиогр. в конце статей 
461 1 |0 (RuTPU)RU\TPU\book\78783  |y 5-230-17280-0  |t Вопросы теории и расчета рабочих процессов тепловых двигателей  |o межвузовский научный сборник  |f Уфимский государственный авиационный технический университет; Под ред. В. Г. Шайхутдинова  |v Вып. 13  |d 1977- 
610 1 |a тепловые двигатели 
610 1 |a теория 
610 1 |a расчет 
610 1 |a рабочие процессы 
610 1 |a сборники 
675 |a 621.4.01.9  |v 3 
801 1 |a RU  |b 63413507  |c 20050224  |g PSBO 
801 2 |a RU  |b 63413507  |c 20050224  |g PSBO 
942 |c BK